[Event "Bratislava Doprastav op"]
[Site "Bratislava"]
[Date "2006.06.29"]
[Round "7"]
[White "Kebis, Milos"]
[Black "Susko, Peter"]
[Result "1-0"]
[WhiteElo "2038"]
[BlackElo "1955"]
[PlyCount "103"]
[EventDate "2006.06.24"]
[EventType "swiss"]
[EventRounds "9"]
[EventCountry "SVK"]
[SourceTitle "EXT 2008"]
[Source "ChessBase"]
[SourceDate "2007.11.25"]
[SourceVersion "1"]
[SourceVersionDate "2007.11.25"]
[SourceQuality "1"]

1. c4 g6 2. Nc3 Bg7 3. d4 c6 4. Nf3 d5 5. cxd5 cxd5 6. Bf4 Nf6 7. Bxb8 Rxb8 8. Qa4+ Bd7 9. Qxa7 0-0 10. e3 Bf5 11. Qa3 Ne4 12. Be2 b5 13. Qb3 b4 14. Nxe4 dxe4 15. Nd2 Be6 16. Bc4 Bxc4 17. Nxc4 Qd5 18. 0-0 Rfc8 19. Rfc1 e6 20. Rc2 Rc6 21. g3 e5 22. dxe5 Bxe5 23. Rac1 Bf6 24. Nd2 Qxb3 25. Nxb3 Rd6 26. Rc8+ Rd8 27. Rxb8 Rxb8 28. Nd4 Ra8 29. Rc4 Bxd4 30. exd4 Rxa2 31. Rxb4 Ra1+ 32. Kg2 f5 33. Rc4 Rd1 34. b4 Kg7 35. b5 Rd2 36. Kf1 Rb2 37. Rc5 Kf6 38. Rc6+ Ke7 39. b6 Rd2 40. b7 Rb2 41. Rc7+ Kd6 42. Rxh7 Kc6 43. Rg7 Kd5 44. Rxg6 Kxd4 45. Rg7 Ke5 46. h4 Kf6 47. Rc7 Kg6 48. Ke1 Kh5 49. Rg7 Kh6 50. Rg5 Rxb7 51. Rxf5 Re7 52. Ke2 1-0

[Event "Bratislava Doprastav op"]
[Site "Bratislava"]
[Date "2006.06.24"]
[Round "1"]
[White "Pacher, Milan"]
[Black "Susko, Peter"]
[Result "1-0"]
[WhiteElo "2210"]
[BlackElo "1955"]
[PlyCount "60"]
[EventDate "2006.06.24"]
[EventType "swiss"]
[EventRounds "9"]
[EventCountry "SVK"]
[SourceTitle "EXT 2008"]
[Source "ChessBase"]
[SourceDate "2007.11.25"]
[SourceVersion "1"]
[SourceVersionDate "2007.11.25"]
[SourceQuality "1"]

1. e4 c5 2. Nf3 d6 3. d4 cxd4 4. Nxd4 Nf6 5. Nc3 a6 6. Bc4 e5 7. Nf3 Be7 8. Bg5 Nbd7 9. Qe2 b5 10. Bb3 Bb7 11. Bxf6 Bxf6 12. 0-0 Qc7 13. Nd5 Bxd5 14. Bxd5 Rc8 15. c3 Nb6 16. Rfd1 0-0 17. Ne1 Be7 18. Nc2 Nxd5 19. Rxd5 f5 20. a4 fxe4 21. axb5 axb5 22. Rxb5 Rb8 23. Nb4 Ra8 24. Rxa8 Rxa8 25. g3 Qd7 26. Kg2 Qf5 27. Nd5 Bg5 28. h4 Bd8 29. Rb4 Ra5 30. Ne3 d5 1-0

[Event "Tatry op"]
[Site "Tatranske Zruby"]
[Date "2005.09.10"]
[Round "1"]
[White "Strasil, Pavel"]
[Black "Susko, Peter"]
[Result "1-0"]
[WhiteElo "2172"]
[BlackElo "1955"]
[PlyCount "71"]
[EventDate "2005.09.10"]
[EventType "swiss"]
[EventRounds "9"]
[EventCountry "SVK"]
[SourceTitle "CBM 108 Extra"]
[Source "ChessBase"]
[SourceDate "2005.11.04"]
[SourceVersion "1"]
[SourceVersionDate "2005.11.04"]
[SourceQuality "1"]

1. e4 c5 2. Nf3 d6 3. d4 cxd4 4. Nxd4 Nf6 5. Nc3 e5 6. Nde2 Be7 7. g3 a6 8. Bg2 0-0 9. 0-0 Be6 10. Kh1 b5 11. a3 Nbd7 12. f4 Rc8 13. Nd5 Bxd5 14. exd5 Qc7 15. c3 Nb6 16. Qd3 Rcd8 17. b3 Nfd7 18. Be3 exf4 19. Rxf4 Ne5 20. Qd2 Bg5 21. Rd4 Bxe3 22. Qxe3 Rde8 23. Qd2 Qd7 24. Nf4 Re7 25. Rf1 Rfe8 26. Bh3 Qc7 27. Bf5 a5 28. Nd3 Ned7 29. Rg4 Re3 30. c4 bxc4 31. Bxh7+ Kxh7 32. Rxf7 cxd3 33. Rgxg7+ Kh8 34. Rh7+ Kg8 35. Rfg7+ Kf8 36. Qf2+ 1-0

[Event "Bratislava Slovan op"]
[Site "Bratislava"]
[Date "2004.05.08"]
[Round "9"]
[White "Rybajlak, Igor"]
[Black "Susko, Peter"]
[Result "1-0"]
[WhiteElo "1845"]
[BlackElo "2105"]
[PlyCount "81"]
[EventDate "2004.05.??"]
[EventType "swiss"]
[EventRounds "9"]
[EventCountry "SVK"]
[SourceTitle "EXT 2005"]
[Source "ChessBase"]
[SourceDate "2004.11.15"]
[SourceVersion "1"]
[SourceVersionDate "2004.11.15"]
[SourceQuality "1"]

1. Nf3 d5 2. c4 c6 3. e3 Nf6 4. Be2 Bf5 5. Nd4 Bg6 6. f4 Bxb1 7. Rxb1 e6 8. 0-0 Be7 9. cxd5 Nxd5 10. Qb3 Qb6 11. Qxb6 Nxb6 12. b3 0-0 13. a4 a5 14. Bb2 N8d7 15. Nf3 Nc5 16. Ba3 Rfe8 17. Bxc5 Bxc5 18. d4 Bb4 19. Rfd1 Nd5 20. Rd3 Red8 21. Rc1 f6 22. g3 Kf7 23. e4 Ne7 24. Rcd1 Rd7 25. Nd2 b5 26. axb5 cxb5 27. Bf3 Rad8 28. d5 exd5 29. exd5 f5 30. Nf1 Rd6 31. Ne3 Kf6 32. Kg2 Rc8 33. h4 Rc7 34. Be2 Bc3 35. Rc1 b4 36. Rcd1 Rc5 37. Bf3 Nc8 38. Nc4 Rxc4 39. bxc4 a4 40. c5 Ra6 41. d6 1-0

[Event "Bratislava Slovan op"]
[Site "Bratislava"]
[Date "2004.05.06"]
[Round "7"]
[White "Richter, Erik"]
[Black "Susko, Peter"]
[Result "1/2-1/2"]
[WhiteElo "1856"]
[BlackElo "2105"]
[PlyCount "74"]
[EventDate "2004.05.??"]
[EventType "swiss"]
[EventRounds "9"]
[EventCountry "SVK"]
[SourceTitle "EXT 2005"]
[Source "ChessBase"]
[SourceDate "2004.11.15"]
[SourceVersion "1"]
[SourceVersionDate "2004.11.15"]
[SourceQuality "1"]

1. d4 d5 2. Nf3 Nf6 3. e3 Bg4 4. c4 e6 5. Qb3 Qc8 6. Nc3 c6 7. Ne5 Bf5 8. c5 Nbd7 9. f4 Be7 10. Bd3 Bxd3 11. Nxd3 0-0 12. Qc2 b6 13. cxb6 axb6 14. 0-0 c5 15. Ne2 Qa6 16. dxc5 bxc5 17. Bd2 Rfc8 18. Ng3 Qb6 19. Kh1 Bd6 20. Qb1 g6 21. Rc1 h5 22. Nf2 h4 23. Nf1 c4 24. Bc3 Bxf4 25. Bd4 Qc7 26. exf4 Qxf4 27. Bxf6 Qxf2 28. Bc3 d4 29. Rc2 Qf6 30. Bb4 Rab8 31. Qe1 Rb5 32. Rf2 Qg5 33. Bd2 Qd5 34. Bf4 e5 35. Bg5 h3 36. Ng3 Nc5 37. Rd2 Rcb8 1/2-1/2

[Event "Bratislava Slovan op"]
[Site "Bratislava"]
[Date "2004.05.05"]
[Round "6"]
[White "Susko, Peter"]
[Black "Hricak, Vasil"]
[Result "0-1"]
[WhiteElo "2105"]
[BlackElo "2021"]
[PlyCount "44"]
[EventDate "2004.05.??"]
[EventType "swiss"]
[EventRounds "9"]
[EventCountry "SVK"]
[SourceTitle "EXT 2005"]
[Source "ChessBase"]
[SourceDate "2004.11.15"]
[SourceVersion "1"]
[SourceVersionDate "2004.11.15"]
[SourceQuality "1"]

1. d4 d5 2. c4 e5 3. dxe5 d4 4. Nf3 Nc6 5. g3 Bg4 6. Bg5 Qd7 7. Nbd2 h6 8. Bf4 g5 9. e6 Qxe6 10. h3 gxf4 11. hxg4 fxg3 12. g5 gxf2+ 13. Kxf2 Qe3+ 14. Kg2 Bd6 15. Rh3 Nge7 16. c5 Nd5 17. Kh1 Bxc5 18. Rc1 Nf4 19. Rxh6 Rxh6+ 20. gxh6 Ne6 21. Nb3 Qxh6+ 22. Nh2 Bd6 0-1

[Event "Bratislava Slovan op"]
[Site "Bratislava"]
[Date "2004.05.03"]
[Round "4"]
[White "Susko, Peter"]
[Black "Schutzhold, Frank"]
[Result "1-0"]
[WhiteElo "2105"]
[BlackElo "2037"]
[PlyCount "97"]
[EventDate "2004.05.??"]
[EventType "swiss"]
[EventRounds "9"]
[EventCountry "SVK"]
[SourceTitle "EXT 2005"]
[Source "ChessBase"]
[SourceDate "2004.11.15"]
[SourceVersion "1"]
[SourceVersionDate "2004.11.15"]
[SourceQuality "1"]

1. d4 Nf6 2. c4 e6 3. Nf3 Bb4+ 4. Nbd2 b6 5. a3 Bxd2+ 6. Bxd2 Bb7 7. e3 d6 8. Bd3 Nbd7 9. Qe2 Ne4 10. 0-0 Nxd2 11. Nxd2 0-0 12. e4 Qf6 13. Nf3 e5 14. d5 Nc5 15. b4 Nxd3 16. Qxd3 Bc8 17. Qe3 Bg4 18. Nd2 Qg6 19. f4 exf4 20. Rxf4 Rae8 21. Re1 Bd7 22. Ref1 f5 23. Qf3 Re5 24. g4 h5 25. h3 hxg4 26. hxg4 Rf7 27. Qg2 Qh6 28. gxf5 Kf8 29. Qg3 Ke8 30. R1f2 g6 31. Rh4 Qg7 32. Rg2 Qf6 33. Rh6 Ree7 34. Rxg6 Qa1+ 35. Nf1 Qd4+ 36. Qe3 Qxe3+ 37. Nxe3 Rxe4 38. Ng4 Re1+ 39. Kf2 Rc1 40. Rg8+ Rf8 41. Nf6+ Ke7 42. Rxf8 Kxf8 43. Nxd7+ Kf7 44. Rg4 Rc2+ 45. Kg3 Rc3+ 46. Kh4 Rxa3 47. f6 Rf3 48. Rg7+ Ke8 49. Kg5 1-0

[Event "Bratislava Slovan op"]
[Site "Bratislava"]
[Date "2004.05.02"]
[Round "3"]
[White "Prielozny, Marek"]
[Black "Susko, Peter"]
[Result "1/2-1/2"]
[WhiteElo "1931"]
[BlackElo "2105"]
[PlyCount "25"]
[EventDate "2004.05.??"]
[EventType "swiss"]
[EventRounds "9"]
[EventCountry "SVK"]
[SourceTitle "EXT 2005"]
[Source "ChessBase"]
[SourceDate "2004.11.15"]
[SourceVersion "1"]
[SourceVersionDate "2004.11.15"]
[SourceQuality "1"]

1. d4 d5 2. c4 c6 3. Nf3 a6 4. c5 Bf5 5. Nc3 Nf6 6. Bf4 Nbd7 7. e3 e6 8. Bd3 Bg4 9. h3 Bh5 10. Qc2 Bxf3 11. gxf3 Be7 12. Rg1 g6 13. e4 1/2-1/2

[Event "Bratislava Slovan op"]
[Site "Bratislava"]
[Date "2003.??.??"]
[Round "?"]
[White "Susko, Peter"]
[Black "Bezuch, Martin"]
[Result "0-1"]
[WhiteElo "1865"]
[BlackElo "2145"]
[PlyCount "46"]
[EventDate "2003.04.??"]
[EventType "swiss"]
[EventRounds "9"]
[EventCountry "SVK"]
[SourceTitle "EXT 2005"]
[Source "ChessBase"]
[SourceDate "2004.11.15"]
[SourceVersion "1"]
[SourceVersionDate "2004.11.15"]
[SourceQuality "1"]

1. c4 e5 2. g3 Nf6 3. Bg2 Nc6 4. Nf3 d5 5. cxd5 Nxd5 6. 0-0 Be7 7. Nc3 Nb6 8. d3 0-0 9. a3 Be6 10. b4 a5 11. b5 Nd4 12. Bb2 a4 13. Nxe5 Bf6 14. f4 Bb3 15. Qc1 Nd5 16. e3 Nxc3 17. Rf2 Nde2+ 18. Kh1 Nxc1 19. Rxc1 Nxb5 20. Bxb7 Bd5+ 21. Bxd5 Qxd5+ 22. e4 Qb3 23. d4 Bxe5 0-1